¿Cómo podemos construir un mundo mejor? /
Se vive en una era de constantes y abundantes cambios tecnológicos, cambios que han transformado a la sociedad y a las relaciones entre los grupos sociales. El ser humano desde siempre ha luchado por encontrar el mundo ideal, desde Tomás Moro con su "Utopía" y Francis Bacon con su "No...
Salvato in:
| Autore principale: | |
|---|---|
| Natura: | testo |
| Soggetti: | |
| Tags: |
Aggiungi Tag
Nessun Tag, puoi essere il primo ad aggiungerne!!
|
MARC
| LEADER | 00000 a a2200000 04500 | ||
|---|---|---|---|
| 001 | 13316 | ||
| 003 | |||
| 040 | |||
| 100 | |a Jensen Pennington, Henning | ||
| 245 | |a ¿Cómo podemos construir un mundo mejor? / |c Henning Jensen Pennington | ||
| 500 | |a Discurso pronunciado en el Acto de Graduación de la Facultad de Ciencias Sociales, correspondiente al II ciclo 1992, realizado el 6 de mayo de 1993 | ||
| 520 | |a Se vive en una era de constantes y abundantes cambios tecnológicos, cambios que han transformado a la sociedad y a las relaciones entre los grupos sociales. El ser humano desde siempre ha luchado por encontrar el mundo ideal, desde Tomás Moro con su "Utopía" y Francis Bacon con su "Nova Atlantis", construyeron mundos alternativos que convertían expectativas escatológicas en posibilidades profanas de vida. Todas las personas o en su mayoría desean un mundo mejor donde exista mayor igualdad y justicia, donde se cumplan las expectativas, intereses, ideales y los valores de las personas y pueblos. A su vez, su idea es que se termine con las guerras y los conflictos armados en general, que las relaciones entre los géneros sean igualitarias, equitativas y justas, que la industria y la agricultura puedan ser ecológicamente sustentables, que se termine la pobreza, un mundo donde todos puedan tener acceso a los servicios básicos como el agua potable, alimentación, servicios de salud y educación, que exista cooperación entre las distintas instituciones locales y nacionales, en síntesis un mundo en donde la riqueza se divida de mejor manera. OB/LOB | ||
| 650 | |a COMPUTADORAS | ||
| 650 | |a CAMBIO TECNOLOGICO | ||
| 650 | |a MEDIOS DE COMUNICACION DE MASAS | ||
| 650 | |a CONDICIONES DE VIDA | ||
| 650 | |a PROBLEMAS SOCIALES | ||
| 773 | |g número 11; páginas 3-6 | ||
| 999 | |c 30702 |d 30702 | ||
